[Event "IECG CP.2003.P.00060 email"]
[Site "IECG email"]
[Date "2003.10.01"]
[Round "?"]
[White "Scarani, Antonio"]
[Black "Gateau, Laurent"]
[Result "1-0"]
[WhiteElo "2065"]
[BlackElo "800"]
[PlyCount "41"]
[EventDate "2003.10.01"]
[EventType "tourn (corr)"]
[EventRounds "6"]
[EventCountry "ITA"]
[SourceTitle "Corr 2008"]
[Source "ChessBase"]
[SourceDate "2008.06.24"]
[SourceVersion "1"]
[SourceVersionDate "2008.06.24"]
[SourceQuality "1"]

1. e4 e5 2. Nf3 Nc6 3. d4 exd4 4. Nxd4 Bc5 5. Be3 Nf6 6. Nxc6 bxc6 7. Bxc5 d6 8. Bd4 0-0 9. Bd3 Re8 10. Nc3 Bb7 11. Qf3 Nd7 12. Qg3 Ne5 13. Bc4 d5 14. Bxe5 f6 15. Bxc7 Qe7 16. Bb3 f5 17. f3 h5 18. 0-0-0 h4 19. exd5 hxg3 20. dxc6+ Kh7 21. hxg3+ 1-0